000
00257nam a2200097Ia 4500
082
_a
J|599.756|NOBL
245
0
_a
Tigers
100
_a
NOBLEMAN, Marc Tyler New York, [c.2009]
_9
65058
942
_c
BK
008
210817s9999 xx 000 0 und d
999
_c
207445
_d
207443